Statistics for New York Rangers Roster

Click here to take the quiz!

General Stats

  • This quiz has been taken 69 times
    (9 since last reset)
  • The average score is 18 of 27

Answer Stats

PositionAnswer% Correct
Left WingArtemi Panarin
100%
Left WingChris Kreider
100%
GoaltenderIlya Shesterkin
100%
GoaltenderJonathan Quick
100%
CenterMika Zibanejad
100%
DefensemanAdam Fox
83%
CenterAlexander Wennberg
83%
CenterFilip Chytil
83%
DefensemanJacob Trouba
83%
Left WingJimmy Vesey
83%
Right WingKaapo Kakko
83%
DefensemanK'Andre Miller
83%
CenterMatt Rempe
83%
Left WingAlexis Lafrenière
67%
Right WingBarclay Goodrow
67%
DefensemanBraden Schneider
67%
DefensemanErik Gustafsson
67%
Left WingWilliam Cuylle
67%
DefensemanZac Jones
67%
CenterAdam Edstrom
50%
CenterJack Roslovic
50%
DefensemanRyan Lindgren
50%
CenterVincent Trocheck
50%
Right WingBlake Wheeler
33%
CenterJonny Brodzinski
33%
CenterNick Bonino
0%
CenterTyler Pitlick
0%

Score Distribution

Percentile by Number Answered

Percent of People with Each Score

Your Score History

You have not taken this quiz since the last reset